[Event "Olimpiada Calviá 2004"]
[Site "Calviá ESP"]
[Date "2004.10.20"]
[Round "6.49"]
[White "Davila, Carlos"]
[Black "Chong, Chor Yuen"]
[Result "1-0"]
[WhiteElo "2339"]
[BlackElo "2146"]
[PlyCount "81"]
[EventDate "2004.10.15"]
[EventType "team"]
[EventRounds "14"]
[EventCountry "ESP"]
[Source "lmi"]
[SourceDate "2004.10.27"]

1. e4 e5 2. Nf3 Nc6 3. Bb5 a6 4. Bxc6 dxc6 5. O-O Bg4 6. h3 h5 7. d3 Qf6 8. Be3
Bxf3 9. Qxf3 Qxf3 10. gxf3 Bd6 11. Nd2 Ne7 12. c3 f5 13. Bg5 Rf8 14. d4 fxe4
15. dxe5 Bxe5 16. Rfe1 Bf4 17. Nxe4 Bxg5 18. Nxg5 Rf5 19. h4 Kf8 20. Re4 Ng6
21. Rd1 Kg8 22. Ne6 Rxf3 23. Nxc7 Raf8 24. Ne6 Re8 25. Rd8 Rxd8 26. Nxd8 Rf8
27. Nxb7 Rb8 28. Rb4 a5 29. Nxa5 Ra8 30. Nxc6 Rxa2 31. Kg2 Ra6 32. Rc4 Kf7 33.
Kg3 Ke8 34. b4 Rb6 35. Rc5 Nf8 36. b5 g6 37. Rd5 Kf7 38. c4 Kf6 39. Nd4 Ne6 40.
c5 Rb8 41. Rd6 1-0

[Event "Olimpiada Calviá 2004"]
[Site "Calviá ESP"]
[Date "2004.10.20"]
[Round "6.50"]
[White "Ho, Cheng-Fai"]
[Black "Neubauer, Martin"]
[Result "0-1"]
[WhiteElo "2035"]
[BlackElo "2440"]
[PlyCount "60"]
[EventDate "2004.10.15"]
[EventType "team"]
[EventRounds "14"]
[EventCountry "ESP"]
[Source "lmi"]
[SourceDate "2004.10.27"]

1. d4 Nf6 2. c4 g6 3. Nc3 d5 4. Nf3 Bg7 5. Qb3 dxc4 6. Qxc4 O-O 7. e3 a6 8. a4
Be6 9. Qd3 Nc6 10. Ng5 Nb4 11. Qd1 Bc8 12. Bc4 e6 13. O-O Qe7 14. e4 h6 15. Nf3
c5 16. e5 Nd7 17. Bf4 Nc6 18. Qd2 cxd4 19. Ne4 Ndxe5 20. Nxe5 Nxe5 21. Bxe5
Bxe5 22. Qxh6 Bg7 23. Qf4 Bd7 24. Ra3 Rac8 25. Ba2 Rc2 26. Rh3 e5 27. Qg3 Bxh3
28. Qxg6 Be6 29. Qh5 Bxa2 30. Ng5 Rfc8 0-1

[Event "Olimpiada Calviá 2004"]
[Site "Calviá ESP"]
[Date "2004.10.20"]
[Round "6.50"]
[White "Danner, Georg"]
[Black "Calangi, Zachary Alexander"]
[Result "1-0"]
[WhiteElo "2436"]
[BlackElo "2142"]
[PlyCount "49"]
[EventDate "2004.10.15"]
[EventType "team"]
[EventRounds "14"]
[EventCountry "ESP"]
[Source "lmi"]
[SourceDate "2004.10.27"]

1. d4 d5 2. Nf3 Nf6 3. c4 e6 4. Bg5 Be7 5. e3 O-O 6. Nc3 Nbd7 7. Rc1 a6 8. Qc2
b6 9. cxd5 exd5 10. Bd3 c5 11. Ne5 Nxe5 12. dxe5 Nd7 13. Bxe7 Qxe7 14. Bxh7+
Kh8 15. Nxd5 Qxe5 16. Be4 Rb8 17. O-O f5 18. Bf3 Nf6 19. Rfd1 Ne4 20. Nf4 Kh7
21. Rd5 Qe7 22. Bxe4 g5 23. Bxf5+ Bxf5 24. Rxf5 Rxf5 25. Qxf5+ 1-0

[Event "Olimpiada Calviá 2004"]
[Site "Calviá ESP"]
[Date "2004.10.20"]
[Round "6.50"]
[White "Fesalbon, Rolando"]
[Black "Lehner, Oliver"]
[Result "0-1"]
[WhiteElo "2148"]
[BlackElo "2420"]
[PlyCount "60"]
[EventDate "2004.10.15"]
[EventType "team"]
[EventRounds "14"]
[EventCountry "ESP"]
[Source "lmi"]
[SourceDate "2004.10.27"]

1. e4 c5 2. Nf3 e6 3. d4 cxd4 4. Nxd4 a6 5. Nc3 b5 6. a3 Bb7 7. b4 Nf6 8. Bd3
Qc7 9. Bb2 Nc6 10. Nf3 Nxb4 11. O-O Nxd3 12. cxd3 d6 13. Rc1 Qb6 14. Qb3 Be7
15. Ne2 O-O 16. Bd4 Qd8 17. a4 Qd7 18. a5 Rfc8 19. Rc3 Rxc3 20. Bxc3 Rc8 21.
Bb4 h6 22. h3 Qd8 23. Qa3 Bf8 24. g4 d5 25. e5 Nd7 26. Rc1 Rxc1+ 27. Nxc1 d4
28. Bxf8 Bxf3 29. Be7 Qc7 30. Bd6 Qc2 0-1

[Event "Olimpiada Calviá 2004"]
[Site "Calviá ESP"]
[Date "2004.10.20"]
[Round "6.51"]
[White "Olape, Bunmi"]
[Black "Srivachirawat, Kannapon"]
[Result "1-0"]
[WhiteElo "2304"]
[BlackElo "2166"]
[PlyCount "97"]
[EventDate "2004.10.15"]
[EventType "team"]
[EventRounds "14"]
[EventCountry "ESP"]
[Source "lmi"]
[SourceDate "2004.10.27"]

1. e4 c6 2. d4 d5 3. Nd2 dxe4 4. Nxe4 Nd7 5. Nf3 Ngf6 6. Ng3 e6 7. Bd3 c5 8.
O-O cxd4 9. Nxd4 Bc5 10. Nb3 Be7 11. Qe2 O-O 12. Bg5 h6 13. Bd2 Re8 14. Rad1
Qc7 15. Rfe1 b6 16. Ne4 Bb7 17. Bc3 Nxe4 18. Bxe4 Nf6 19. Be5 Qc8 20. Bxb7 Qxb7
21. Rd3 Rad8 22. Rg3 g6 23. Bc3 Qd5 24. Rf3 Nh5 25. Nd2 Bf6 26. Ne4 Bxc3 27.
Nxc3 Qd2 28. g4 Qg5 29. h3 f5 30. Qe5 Rd2 31. Kf1 fxg4 32. Qxg5 hxg5 33. hxg4
Nf4 34. Ne4 Rxc2 35. Nf6+ Kf7 36. Nxe8 Kxe8 37. Ra3 Kd7 38. Rd1+ Nd5 39. Rxa7+
Kc6 40. Rb1 Rc4 41. Re1 Kd6 42. f3 Nf4 43. Rd1+ Ke5 44. Rd2 Rc1+ 45. Kf2 Rh1
46. Ra4 Rh2+ 47. Ke3 Ng2+ 48. Rxg2 Rxg2 49. Rb4 1-0

[Event "Olimpiada Calviá 2004"]
[Site "Calviá ESP"]
[Date "2004.10.20"]
[Round "6.51"]
[White "Adedeji Olatunji, Adekola"]
[Black "Saeheng, Boonsueb"]
[Result "1/2-1/2"]
[WhiteElo "2093"]
[BlackElo "2242"]
[PlyCount "94"]
[EventDate "2004.10.15"]
[EventType "team"]
[EventRounds "14"]
[EventCountry "ESP"]
[Source "lmi"]
[SourceDate "2004.10.27"]

1. e4 c5 2. Nf3 e6 3. d4 cxd4 4. Nxd4 a6 5. Be3 Qc7 6. Be2 Nf6 7. Nd2 d5 8. Bf3
Nc6 9. Nxc6 bxc6 10. c4 dxe4 11. Nxe4 Nxe4 12. Bxe4 Bb4+ 13. Bd2 Bxd2+ 14. Qxd2
O-O 15. O-O f5 16. Bf3 e5 17. g3 Be6 18. Qc3 Rad8 19. Rad1 e4 20. Bg2 Rxd1 21.
Rxd1 Rd8 22. Rxd8+ Qxd8 23. f3 exf3 24. Bxf3 c5 25. Kf2 Kf7 26. Bd5 Qf6 27. Qd2
Qe5 28. a3 Bxd5 29. cxd5 Ke7 30. b4 Qd4+ 31. Qxd4 cxd4 32. Ke2 Kd6 33. Kd3 Kxd5
34. h4 g6 35. a4 h6 36. b5 axb5 37. axb5 g5 38. h5 Kc5 39. b6 Kxb6 40. Kxd4 Kc6
41. Ke5 f4 42. gxf4 gxf4 43. Kxf4 Kd6 44. Kf5 Ke7 45. Kg6 Kf8 46. Kh7 Kf7 47.
Kxh6 Kg8 1/2-1/2

[Event "Olimpiada Calviá 2004"]
[Site "Calviá ESP"]
[Date "2004.10.20"]
[Round "6.52"]
[White "Fancy, Stuart"]
[Black "Cilia Vincenti, David"]
[Result "0-1"]
[WhiteElo "2195"]
[BlackElo "2189"]
[PlyCount "77"]
[EventDate "2004.10.15"]
[EventType "team"]
[EventRounds "14"]
[EventCountry "ESP"]
[Source "lmi"]
[SourceDate "2004.10.27"]

1. e4 d5 2. Nc3 d4 3. Nce2 e5 4. d3 Bd6 5. Ng3 Ne7 6. Be2 O-O 7. Nf3 f5 8. exf5
Nxf5 9. Ne4 h6 10. O-O Be6 11. c4 Nd7 12. a3 a5 13. Nfd2 Qe7 14. Bg4 Kh8 15.
Re1 a4 16. Bh3 Qf7 17. Nf3 Qg6 18. Kh1 Qe8 19. g4 Ne7 20. Nxd6 cxd6 21. Nxd4
Nc5 22. Nxe6 Nxe6 23. g5 Nxg5 24. Bxg5 hxg5 25. Qg4 Qg6 26. Bg2 Rxf2 27. Re3
Rf4 28. Rh3+ Kg8 29. Qd7 Qf6 30. Qxb7 Rf8 31. Qd7 g4 32. Rg3 Nf5 33. Bd5+ Kh8
34. Rgg1 Qh4 35. Qxa4 Rf2 36. Rg2 Ne3 37. Qc6 Rf1+ 38. Rxf1 Rxf1+ 39. Rg1 0-1

[Event "Olimpiada Calviá 2004"]
[Site "Calviá ESP"]
[Date "2004.10.20"]
[Round "6.52"]
[White "Borg, Andrew"]
[Black "Press, Shaun"]
[Result "1-0"]
[WhiteElo "2125"]
[BlackElo "2070"]
[PlyCount "71"]
[EventDate "2004.10.15"]
[EventType "team"]
[EventRounds "14"]
[EventCountry "ESP"]
[Source "lmi"]
[SourceDate "2004.10.27"]

1. c4 Nf6 2. Nc3 g6 3. e4 d6 4. d4 Bg7 5. f4 O-O 6. Nf3 c5 7. dxc5 dxc5 8. Bd3
Nc6 9. e5 Ne8 10. O-O Nb4 11. Be4 Qxd1 12. Rxd1 f5 13. Bb1 Nc7 14. a3 Nc6 15.
Nd5 Ne6 16. Be3 b6 17. Bc2 Kf7 18. b4 g5 19. Bxf5 gxf4 20. Bxe6+ Bxe6 21. Ng5+
Kg6 22. Nxe6 fxe3 23. Nxf8+ Rxf8 24. Rf1 Rxf1+ 25. Kxf1 Nxe5 26. Rc1 Nd3 27.
Rc2 Bd4 28. Ke2 Ne5 29. Nxe7+ Kg5 30. Nd5 Ng6 31. Nxe3 Nf4+ 32. Kd2 h5 33. g3
Ng6 34. Kd3 h4 35. gxh4+ Nxh4 36. Ke4 1-0

[Event "Olimpiada Calviá 2004"]
[Site "Calviá ESP"]
[Date "2004.10.20"]
[Round "6.54"]
[White "Mueller, Leonhard"]
[Black "Mannhart, Marcel"]
[Result "1-0"]
[WhiteElo "2213"]
[BlackElo "2191"]
[PlyCount "235"]
[EventDate "2004.10.15"]
[EventType "team"]
[EventRounds "14"]
[EventCountry "ESP"]
[Source "lmi"]
[SourceDate "2004.10.27"]

1. d4 g6 2. c4 Bg7 3. e4 d6 4. Nc3 Nd7 5. Nf3 e5 6. Be2 Nh6 7. h4 f6 8. h5 g5
9. d5 a5 10. Nh2 O-O 11. g4 Rf7 12. Be3 Bf8 13. f3 Nc5 14. O-O b6 15. Qd2 Qe8
16. b3 Rg7 17. Bd1 Bd7 18. Bc2 Be7 19. Qe2 Kh8 20. Kh1 Rg8 21. Rf2 Qc8 22. Rg2
Rg7 23. Nf1 Rg8 24. Rb1 Rg7 25. Bd2 Rg8 26. Ne3 Rg7 27. Rgg1 Rg8 28. a3 Rg7 29.
Qd1 Rg8 30. b4 Nb7 31. Ba4 Bxa4 32. Nxa4 Qd7 33. Nc3 Ra6 34. Qc2 Rga8 35. Qb2
Kg8 36. Qb3 Kf8 37. Rgc1 Ke8 38. Qb2 Kf8 39. Be1 Ke8 40. Qc2 Kf8 41. Rb2 Ke8
42. Bf2 Kf8 43. Bg1 Ke8 44. Kg2 Kf8 45. Kg3 Ke8 46. Nf1 Kf8 47. Nd2 Kg7 48. Nb3
axb4 49. axb4 Ra3 50. Nb5 R3a4 51. Na5 R4xa5 52. bxa5 Nxa5 53. Ra2 Nf7 54. Be3
Nd8 55. Bd2 Ndb7 56. Nc3 Kf7 57. Nd1 h6 58. Ne3 Bf8 59. Bb4 Ke8 60. Qa4 Qxa4
61. Rxa4 Kd7 62. Ra3 Rb8 63. Nf1 Be7 64. Nd2 Bf8 65. Rb1 Rc8 66. Kf2 Be7 67.
Ke2 Bf8 68. Kd3 Be7 69. Rba1 Rb8 70. Nb1 Bf8 71. Nc3 Be7 72. Rb1 Ra8 73. Ne2
Bf8 74. Ng3 Be7 75. Nf5 Bf8 76. Kc3 Kc8 77. Rba1 Kb8 78. R1a2 Kc8 79. Rb2 Kd7
80. Ne3 Be7 81. Nf1 Bf8 82. Nd2 Rc8 83. Rba2 Rb8 84. Bxa5 Nxa5 85. Rb2 Nb7 86.
Nb3 Be7 87. Rba2 Kc8 88. Ra7 Nd8 89. Kb4 Nb7 90. R2a3 Nd8 91. Nd2 Nb7 92. Kc3
Na5 93. Nf1 Rb7 94. Ra8+ Rb8 95. Rxb8+ Kxb8 96. Ne3 Nb7 97. Nd1 Nd8 98. Nb2 Nb7
99. Nd3 Bf8 100. Nb4 Na5 101. Rxa5 bxa5 102. Nc6+ Kc8 103. Nxa5 Kd7 104. Kb4
Kc8 105. Kb5 Kd7 106. Nc6 Kc8 107. Ka6 Bg7 108. Na7+ Kb8 109. Nc6+ Kc8 110.
Ne7+ Kd7 111. Nf5 Bf8 112. Kb7 Kd8 113. Kc6 Kc8 114. Ne3 Be7 115. Nc2 Bf8 116.
Na3 Be7 117. Nb5 Bd8 118. Nxd6+ 1-0

[Event "Olimpiada Calviá 2004"]
[Site "Calviá ESP"]
[Date "2004.10.20"]
[Round "6.54"]
[White "Guller, Andras"]
[Black "Nakapunda, Otto"]
[Result "1/2-1/2"]
[WhiteElo "2110"]
[BlackElo "2129"]
[PlyCount "69"]
[EventDate "2004.10.15"]
[EventType "team"]
[EventRounds "14"]
[EventCountry "ESP"]
[Source "lmi"]
[SourceDate "2004.10.27"]

1. e4 c6 2. d4 d5 3. exd5 cxd5 4. Bd3 Nf6 5. c3 e6 6. Bf4 Bd6 7. Bxd6 Qxd6 8.
Nf3 O-O 9. O-O Nc6 10. Re1 a6 11. Nbd2 b5 12. Ne5 b4 13. Nf1 bxc3 14. bxc3 a5
15. Rc1 Ba6 16. Bb1 Rfc8 17. Ng3 g6 18. h4 Qf8 19. h5 Nxe5 20. Rxe5 Qh6 21.
hxg6 hxg6 22. Re3 Kg7 23. Nf1 Bxf1 24. Qxf1 Rh8 25. Rh3 Qf4 26. g3 Qg5 27. Rxh8
Rxh8 28. Rc2 Ng4 29. Qg2 Rb8 30. Qf1 Qh6 31. f4 Ne3 32. Qe1 Rxb1 33. Qxb1 Nxc2
34. Qxc2 Qh3 35. Qd3 1/2-1/2

[Event "Olimpiada Calviá 2004"]
[Site "Calviá ESP"]
[Date "2004.10.20"]
[Round "6.54"]
[White "Kirsten, Jorrit"]
[Black "Muendle, Kurt"]
[Result "1/2-1/2"]
[WhiteElo "2200"]
[BlackElo "2016"]
[PlyCount "56"]
[EventDate "2004.10.15"]
[EventType "team"]
[EventRounds "14"]
[EventCountry "ESP"]
[Source "lmi"]
[SourceDate "2004.10.27"]

1. e4 e6 2. d3 d5 3. Nd2 Nd7 4. g3 g6 5. Bg2 Ne7 6. Ngf3 Bg7 7. O-O c5 8. Qe2
O-O 9. Nh4 dxe4 10. dxe4 Nc6 11. c3 Bf6 12. f4 Bxh4 13. gxh4 Qxh4 14. e5 Qd8
15. Nc4 Ne7 16. Be3 Rb8 17. Rad1 Qc7 18. h4 Nf5 19. Bf2 h5 20. Bh3 b6 21. Kh2
Ba6 22. Rg1 Kh7 23. Rg5 Rfd8 24. Bxf5 exf5 25. Rxh5+ Kg7 26. Rg1 Kf8 27. Rhg5
Ke7 28. b3 Nf8 1/2-1/2

[Event "Olimpiada Calviá 2004"]
[Site "Calviá ESP"]
[Date "2004.10.20"]
[Round "6.55"]
[White "Shrestha, Bilam Lal"]
[Black "Montalvo, Alejandro"]
[Result "1/2-1/2"]
[WhiteElo "2180"]
[BlackElo "2240"]
[PlyCount "174"]
[EventDate "2004.10.15"]
[EventType "team"]
[EventRounds "14"]
[EventCountry "ESP"]
[Source "lmi"]
[SourceDate "2004.10.27"]

1. e4 c6 2. g3 d5 3. Bg2 e5 4. Ne2 dxe4 5. Bxe4 Bh3 6. Ng1 Be6 7. Nc3 Na6 8. d3
Qd7 9. Bg2 O-O-O 10. Be3 Bc5 11. Bxc5 Nxc5 12. Qe2 f6 13. O-O-O Nh6 14. Nf3 Nf5
15. Kb1 Rhe8 16. Bh3 Nd4 17. Bxe6 Rxe6 18. Qe3 Na6 19. Rhe1 c5 20. a3 Nc7 21.
Qe4 Rb6 22. Nd2 Ncb5 23. Nxb5 Nxb5 24. Kc1 Nd4 25. Nc4 Ra6 26. c3 Nf5 27. g4
Nd6 28. Nxd6+ Rxd6 29. Re3 h6 30. h3 Qb5 31. Rd2 Qb3 32. f4 exf4 33. Qxf4 Qd5
34. c4 Qc6 35. Qf3 Qd7 36. Qf5 Qxf5 37. gxf5 R8d7 38. Kc2 Kd8 39. Rg2 Rc6 40.
b4 b6 41. h4 h5 42. b5 Rcc7 43. Rge2 Rd4 44. Re8+ Kd7 45. R2e7+ Kd6 46. Rxc7
Kxc7 47. Re7+ Kb8 48. Rxg7 Rxh4 49. Rg6 Rf4 50. Rxf6 h4 51. Rh6 Rxf5 52. Rxh4
a6 53. Rh8+ Ka7 54. Rh7+ Ka8 55. bxa6 Rf2+ 56. Kb3 Rd2 57. Rd7 Rd1 58. Rb7
Rxd3+ 59. Ka4 Rc3 60. Kb5 Rxa3 61. Rxb6 Ka7 62. Rh6 Ra1 63. Rh7+ Ka8 64. Kb6
Rb1+ 65. Kxc5 Ra1 66. Rh6 Ka7 67. Rc6 Rd1 68. Rb6 Rc1 69. Rd6 Ra1 70. Kd5 Rd1+
71. Kc6 Ra1 72. Kc7 Rc1 73. Rc6 Rh1 74. c5 Rh7+ 75. Kd6 Rh6+ 76. Kd5 Rh5+ 77.
Kc4 Rh1 78. Rg6 Ra1 79. Rd6 Rc1+ 80. Kd5 Ra1 81. Rb6 Rh1 82. Kc6 Rh6+ 83. Kb5
Rh1 84. Rb7+ Ka8 85. c6 Rb1+ 86. Ka5 Ra1+ 87. Kb6 Rxa6+ 1/2-1/2

[Event "Olimpiada Calviá 2004"]
[Site "Calviá ESP"]
[Date "2004.10.20"]
[Round "6.55"]
[White "Digesh, Shanker Malla"]
[Black "Davila Vega, Juan"]
[Result "1-0"]
[WhiteElo "2253"]
[BlackElo "2169"]
[PlyCount "93"]
[EventDate "2004.10.15"]
[EventType "team"]
[EventRounds "14"]
[EventCountry "ESP"]
[Source "lmi"]
[SourceDate "2004.10.27"]

1. e4 g6 2. d4 Bg7 3. Nc3 d6 4. Be3 Nf6 5. Qd2 c6 6. h3 b5 7. Bd3 Nbd7 8. a4 b4
9. Nce2 a5 10. Nf3 Qc7 11. c4 e5 12. d5 Bb7 13. Rc1 Rc8 14. O-O O-O 15. Ng3 Nc5
16. Bxc5 dxc5 17. b3 h6 18. Rfe1 Rfe8 19. Nf1 Qd7 20. Ne3 Nh5 21. Qc2 Nf4 22.
Bf1 Rcd8 23. Red1 Kh7 24. Kh2 Qc7 25. g3 Nh5 26. Bg2 Nf6 27. Nd2 h5 28. Ndf1
Bh6 29. Rb1 Bxe3 30. Nxe3 Kg7 31. Kg1 Bc8 32. Rd2 Re7 33. Rf1 Nh7 34. Qd3 Red7
35. Qc2 Qd6 36. Qb2 Kg8 37. f4 Re8 38. f5 Bb7 39. Rdf2 cxd5 40. cxd5 Ba6 41.
Rc1 Rc8 42. Bf1 Bxf1 43. Rcxf1 Ng5 44. Nc4 Qe7 45. Kg2 Qd8 46. h4 Nh7 47. Nxe5
1-0

[Event "Olimpiada Calviá 2004"]
[Site "Calviá ESP"]
[Date "2004.10.20"]
[Round "6.55"]
[White "Bermudez Adams, William"]
[Black "Surbir, Lama"]
[Result "1/2-1/2"]
[WhiteElo "2138"]
[BlackElo "2112"]
[PlyCount "98"]
[EventDate "2004.10.15"]
[EventType "team"]
[EventRounds "14"]
[EventCountry "ESP"]
[Source "lmi"]
[SourceDate "2004.10.27"]

1. e4 c5 2. b3 e5 3. Bb2 Nc6 4. Bb5 d6 5. Ne2 Nf6 6. Bxc6+ bxc6 7. d3 Be7 8.
O-O O-O 9. Nd2 Nd7 10. f4 f5 11. exf5 Rxf5 12. fxe5 Nxe5 13. Ng3 Rxf1+ 14. Qxf1
Ng6 15. Nf5 Bf8 16. Ne4 d5 17. Neg3 Qg5 18. Qf3 Be6 19. Rf1 Re8 20. h3 Nh4 21.
Nxh4 Qxh4 22. Nf5 Qg5 23. Qg3 Qxg3 24. Nxg3 Bd6 25. Nh5 d4 26. Re1 Bf7 27.
Rxe8+ Bxe8 28. g4 Bxh5 29. gxh5 Kf7 30. Kg2 Kf6 31. Bc1 Kf5 32. Kf3 a6 33. a4
Be5 34. Bd2 Bd6 35. Bc1 Bc7 36. Bd2 Bd8 37. Bf4 Be7 38. Bd2 Bg5 39. Be1 Bf4 40.
Bh4 Bd6 41. Bd8 Bf8 42. Kg3 Bd6+ 43. Kf3 Bf8 44. Bh4 Bd6 45. Be1 Bf8 46. Bf2
Bd6 47. Be1 Be7 48. Bd2 Bd6 49. Be1 Bf4 1/2-1/2

[Event "Olimpiada Calviá 2004"]
[Site "Calviá ESP"]
[Date "2004.10.20"]
[Round "6.56"]
[White "Matoewi, Roger"]
[Black "Van Hoolandt, Patrick"]
[Result "0-1"]
[WhiteElo "2195"]
[BlackElo "2269"]
[PlyCount "22"]
[EventDate "2004.10.15"]
[EventType "team"]
[EventRounds "14"]
[EventCountry "ESP"]
[Source "lmi"]
[SourceDate "2004.10.27"]

1. e4 e5 2. f4 exf4 3. d4 Qh4+ 4. Ke2 d6 5. Nf3 Bg4 6. Nc3 g5 7. Qd3 Nd7 8. Bd2
Ne7 9. g3 fxg3 10. Bg2 gxh2 11. Rxh2 Qxh2 0-1

[Event "Olimpiada Calviá 2004"]
[Site "Calviá ESP"]
[Date "2004.10.20"]
[Round "6.56"]
[White "Gajadin, Dewperkash"]
[Black "Calabrese, Antonino"]
[Result "1-0"]
[WhiteElo "2207"]
[BlackElo "2038"]
[PlyCount "161"]
[EventDate "2004.10.15"]
[EventType "team"]
[EventRounds "14"]
[EventCountry "ESP"]
[Source "lmi"]
[SourceDate "2004.10.27"]

1. e4 e5 2. Nf3 d6 3. d4 Nf6 4. Nc3 Nbd7 5. Bc4 Be7 6. O-O O-O 7. dxe5 dxe5 8.
Qe2 c6 9. a4 b6 10. Bg5 Qc7 11. Bh4 h6 12. Rfd1 Re8 13. h3 Nf8 14. Bg3 Ng6 15.
Nh4 Nxh4 16. Bxh4 Nh7 17. Bxe7 Qxe7 18. Rd2 Nf8 19. Qh5 Nd7 20. Rad1 Nf6 21.
Qf3 Bb7 22. Qf5 Bc8 23. Qf3 Bb7 24. Rd6 Rad8 25. Qd3 Rxd6 26. Qxd6 Qxd6 27.
Rxd6 Kf8 28. f3 Ke7 29. Rd1 Nh7 30. b4 Nf8 31. Kf2 Ne6 32. Ne2 g5 33. Ng3 Ng7
34. a5 b5 35. Bb3 f6 36. Nf1 Rd8 37. Rxd8 Kxd8 38. Ne3 Bc8 39. Bf7 Ke7 40. Bg8
h5 41. c4 Kf8 42. Bh7 Ne8 43. cxb5 cxb5 44. Bg6 h4 45. Nd5 Nd6 46. Nxf6 Be6 47.
Nd5 Kg7 48. Bh5 Nc4 49. Bg4 Bxg4 50. hxg4 Kf7 51. Nc7 Nd6 52. Ke2 Ke7 53. Kd3
Kd7 54. Nd5 Ke6 55. Kc3 Nc4 56. Kd3 Nd6 57. Ke2 Kf7 58. Ne3 Ke6 59. Nf5 Nc4 60.
Kf1 Nb2 61. Ne3 Nd3 62. Nd5 Kd6 63. Ke2 Nc1+ 64. Kd2 Nb3+ 65. Kc2 Nd4+ 66. Kd3
Nxf3 67. gxf3 h3 68. Ne3 Ke6 69. Nf1 a6 70. Ke2 Kf6 71. Kf2 Ke6 72. Kg3 h2 73.
Kxh2 Kf6 74. Ne3 Ke6 75. Nd5 Kd6 76. Kg3 Kd7 77. Nf6+ Ke6 78. Nh7 Kf7 79. Nxg5+
Kg6 80. f4 exf4+ 81. Kxf4 1-0

[Event "Olimpiada Calviá 2004"]
[Site "Calviá ESP"]
[Date "2004.10.20"]
[Round "6.56"]
[White "Lebel-Arias, Julia"]
[Black "Lo Kim Lin, Frank"]
[Result "1/2-1/2"]
[WhiteElo "1986"]
[BlackElo "2200"]
[PlyCount "100"]
[EventDate "2004.10.15"]
[EventType "team"]
[EventRounds "14"]
[EventCountry "ESP"]
[Source "lmi"]
[SourceDate "2004.10.27"]

1. d4 g6 2. Nf3 Bg7 3. c3 d6 4. Bg5 Nf6 5. Nbd2 c6 6. e4 Nbd7 7. Be2 O-O 8. O-O
Qc7 9. Re1 b5 10. Bf1 e6 11. h3 Re8 12. Bf4 e5 13. dxe5 dxe5 14. Bh2 Bb7 15.
Qc2 a6 16. c4 Qb6 17. Rac1 c5 18. b4 cxb4 19. Qb2 Bh6 20. Rc2 Bxd2 21. Nxd2
bxc4 22. Nxc4 Qe6 23. Qxb4 Bxe4 24. Rd2 Rab8 25. Qd6 Bd5 26. Qxe6 Rxe6 27. Nxe5
Nxe5 28. Bxe5 Rbe8 29. f4 Ba8 30. Red1 Ne4 31. Rd8 Kf8 32. Bc4 Rc6 33. Bb3 f6
34. Rxe8+ Kxe8 35. Bb2 Rc7 36. Ba4+ Bc6 37. Rc1 Kd7 38. Rd1+ Ke6 39. Bb3+ Kf5
40. Rf1 h5 41. Rc1 Rc8 42. Bc2 Re8 43. Re1 Kxf4 44. Rf1+ Ke3 45. Bxf6 Kd2 46.
Bb3 Nxf6 47. Rxf6 Be4 48. Re6 Rxe6 49. Bxe6 g5 50. Bf7 h4 1/2-1/2

[Event "Olimpiada Calviá 2004"]
[Site "Calviá ESP"]
[Date "2004.10.20"]
[Round "6.57"]
[White "Singh, Ravishen"]
[Black "Van Tilbury, Craig"]
[Result "0-1"]
[WhiteElo "2093"]
[BlackElo "2309"]
[PlyCount "96"]
[EventDate "2004.10.15"]
[EventType "team"]
[EventRounds "14"]
[EventCountry "ESP"]
[Source "lmi"]
[SourceDate "2004.10.27"]

1. e4 e5 2. Nf3 Nc6 3. d4 exd4 4. Nxd4 Bc5 5. Be3 Qf6 6. c3 Nge7 7. Be2 O-O 8.
O-O Bb6 9. f4 d6 10. Na3 Nxd4 11. Bxd4 Nc6 12. Bxb6 axb6 13. Nb5 Qe7 14. Qd3 f5
15. Bf3 Qf7 16. b3 Be6 17. Nd4 Nxd4 18. Qxd4 fxe4 19. Bxe4 d5 20. f5 dxe4 21.
fxe6 Qxe6 22. Rxf8+ Rxf8 23. Re1 Re8 24. Re3 b5 25. Rg3 g6 26. Re3 b6 27. c4
bxc4 28. Qxc4 Qxc4 29. bxc4 Re5 30. Kf2 Kf7 31. Rc3 Ke6 32. Ke3 Kd6 33. Kd4 e3
34. Rxe3 Rxe3 35. Kxe3 Kc5 36. Kd3 Kb4 37. Kd4 c5+ 38. Kd3 Ka3 39. g4 Kxa2 40.
Kc3 Ka3 41. h4 h6 42. h5 gxh5 43. gxh5 Ka4 44. Kd3 Kb4 45. Ke4 Kxc4 46. Kf5 b5
47. Kg6 b4 48. Kxh6 b3 0-1

[Event "Olimpiada Calviá 2004"]
[Site "Calviá ESP"]
[Date "2004.10.20"]
[Round "6.57"]
[White "Hook, William"]
[Black "Lee, Cecil"]
[Result "1-0"]
[WhiteElo "2108"]
[BlackElo "2048"]
[PlyCount "109"]
[EventDate "2004.10.15"]
[EventType "team"]
[EventRounds "14"]
[EventCountry "ESP"]
[Source "lmi"]
[SourceDate "2004.10.27"]

1. d4 Nf6 2. Nf3 d6 3. c4 g6 4. Nc3 Bg7 5. e4 Nbd7 6. Be2 c6 7. O-O O-O 8. Ne1
e5 9. d5 c5 10. Be3 a6 11. Qd2 Ne8 12. f3 f5 13. g4 f4 14. Bf2 Bf6 15. Ng2 g5
16. Rfb1 Ng7 17. a3 Kf7 18. Ne1 Rh8 19. Bf1 Be7 20. b4 b6 21. a4 a5 22. bxc5
bxc5 23. Nd3 Nb8 24. Bxc5 dxc5 25. Nxe5+ Kf6 26. Rxb8 Rxb8 27. Nc6 Qc7 28. e5+
Kf7 29. Nxb8 Qxb8 30. d6 Bd8 31. Rb1 Qa8 32. Qd5+ Qxd5 33. cxd5 Re8 34. Rb8
Rxe5 35. Rxc8 Bf6 36. Ne4 Re8 37. Rc7+ Kg6 38. Nxf6 Kxf6 39. d7 Rd8 40. Bb5 Ke7
41. Rc8 Rxd7 42. Rg8 Rxd5 43. Rxg7+ Kf6 44. Rxh7 Ke5 45. Rd7 Rxd7 46. Bxd7 c4
47. Kf2 Kd4 48. Ke2 Kc3 49. Be6 Kb4 50. Kd2 Kxa4 51. Kc3 Kb5 52. Bxc4+ Kc5 53.
Bd3 Kc6 54. Kc4 Kd6 55. Kd4 1-0

[Event "Olimpiada Calviá 2004"]
[Site "Calviá ESP"]
[Date "2004.10.20"]
[Round "6.58"]
[White "Maduro, Sherman"]
[Black "Phillips, Roy"]
[Result "0-1"]
[WhiteElo "2116"]
[BlackElo "2229"]
[PlyCount "58"]
[EventDate "2004.10.15"]
[EventType "team"]
[EventRounds "14"]
[EventCountry "ESP"]
[Source "lmi"]
[SourceDate "2004.10.27"]

1. e4 e6 2. d4 d5 3. Nd2 Nf6 4. e5 Nfd7 5. Bd3 c5 6. c3 Nc6 7. Ne2 cxd4 8. cxd4
f6 9. Nf4 Nxd4 10. Qh5+ Ke7 11. Ng6+ hxg6 12. Qxh8 Nxe5 13. Qh3 Nxd3+ 14. Qxd3
e5 15. O-O Bf5 16. Qa3+ Kf7 17. Qa4 Bc2 18. Nb3 a5 19. Bd2 b5 20. Qxa5 Rxa5 21.
Bxa5 Qd7 22. Bb6 Ne2+ 23. Kh1 Qc6 24. Rfe1 Qxb6 25. Rxe2 Bd3 26. Rd2 Bc4 27.
Rc2 Bb4 28. Rac1 d4 29. a3 d3 0-1

[Event "Olimpiada Calviá 2004"]
[Site "Calviá ESP"]
[Date "2004.10.20"]
[Round "6.58"]
[White "Seegolam, Pradeep"]
[Black "Martis, Valentino"]
[Result "1/2-1/2"]
[WhiteElo "2200"]
[BlackElo "2019"]
[PlyCount "93"]
[EventDate "2004.10.15"]
[EventType "team"]
[EventRounds "14"]
[EventCountry "ESP"]
[Source "lmi"]
[SourceDate "2004.10.27"]

1. e4 d6 2. d4 Nf6 3. Nc3 g6 4. Bd3 Bg7 5. Nge2 O-O 6. O-O Nc6 7. a3 e5 8. d5
Ne7 9. Ng3 c6 10. dxc6 bxc6 11. h3 d5 12. f3 Rb8 13. Kh2 Ne8 14. Rb1 f5 15. Bg5
f4 16. Nh1 Be6 17. Na4 h6 18. Bh4 g5 19. Bf2 d4 20. Nc5 Bf7 21. Be1 Nf6 22. Qe2
Ng6 23. Bc4 Qe8 24. Bb4 Nh5 25. Qd3 Ng3 26. Rfd1 h5 27. Na6 Rxb4 28. Nxb4 Bf6
29. c3 Kg7 30. Bxf7 Rxf7 31. Qc4 g4 32. Nc2 c5 33. Rd2 Qf8 34. Ne1 Nxh1 35.
Kxh1 gxh3 36. gxh3 Qc8 37. Qf1 Bh4 38. Nd3 Bg3 39. c4 Kf6 40. Nc1 Nh4 41. Rd3
Rg7 42. Ne2 a5 43. Ng1 Qe6 44. Rd2 Rb7 45. b3 Qc8 46. Rdb2 Qb8 47. Ne2 1/2-1/2

[Event "Olimpiada Calviá 2004"]
[Site "Calviá ESP"]
[Date "2004.10.20"]
[Round "6.59"]
[White "Hawes, Jonathan"]
[Black "Bibby, Simon"]
[Result "0-1"]
[WhiteElo "2151"]
[BlackElo "2229"]
[PlyCount "78"]
[EventDate "2004.10.15"]
[EventType "team"]
[EventRounds "14"]
[EventCountry "ESP"]
[Source "lmi"]
[SourceDate "2004.10.27"]

1. d4 e6 2. c4 f5 3. Nf3 Nf6 4. g3 Be7 5. Bg2 O-O 6. O-O d6 7. Nc3 Ne4 8. Nxe4
fxe4 9. Nd2 d5 10. e3 c5 11. dxc5 Nc6 12. f3 exf3 13. Bxf3 Ne5 14. cxd5 exd5
15. Nb3 Nxf3+ 16. Rxf3 Bf5 17. Nd4 Be4 18. Rxf8+ Qxf8 19. Qf1 Qc8 20. Bd2 Qg4
21. Qe2 Qg6 22. Rc1 Rf8 23. Rc3 h5 24. Be1 h4 25. Bf2 hxg3 26. Bxg3 Bh4 27. Qe1
Bd3 28. c6 bxc6 29. Rxc6 Qg4 30. Rc7 Rf1+ 31. Qxf1 Bxf1 32. Kxf1 Bxg3 33. hxg3
Qxg3 34. Rxa7 g5 35. b4 Qxe3 36. Ra8+ Kh7 37. Ra7+ Kg6 38. Ra6+ Kh5 39. Rh6+
Kg4 0-1